5HLuxD.jpg

KING HENRY VIII SENIOR AND PRIMARY SCHOOL LIBRARY OPAC

Quiz / (Record no. 3013)

000 -LEADER
fixed length control field 01190cam a22003497i 4500
001 - CONTROL NUMBER
control field 20502433
003 - CONTROL NUMBER IDENTIFIER
control field OSt
005 - DATE AND TIME OF LATEST TRANSACTION
control field 20230914160844.0
008 - FIXED-LENGTH DATA ELEMENTS--GENERAL INFORMATION
fixed length control field 171121t20182018enk 000 d eng d
010 ## - LIBRARY OF CONGRESS CONTROL NUMBER
LC control number 2018379245
020 ## - INTERNATIONAL STANDARD BOOK NUMBER
International Standard Book Number 9781350069299
Qualifying information (paperback)
035 ## - SYSTEM CONTROL NUMBER
System control number (OCoLC)on1013177804
040 ## - CATALOGING SOURCE
Original cataloging agency YDX
Language of cataloging eng
Transcribing agency YDX
Description conventions rda
Modifying agency OCLCO
-- UAB
-- BDX
-- OCLCO
-- REB
-- DLC
-- KH8
042 ## - AUTHENTICATION CODE
Authentication code lccopycat
082 04 - DEWEY DECIMAL CLASSIFICATION NUMBER
Classification number 822.92 GRA
Edition number 23
100 1# - MAIN ENTRY--PERSONAL NAME
Personal name Graham, James,
Dates associated with a name 1982-
Relator term author.
245 10 - TITLE STATEMENT
Title Quiz /
Statement of responsibility, etc. James Graham.
264 #1 - PRODUCTION, PUBLICATION, DISTRIBUTION, MANUFACTURE, AND COPYRIGHT NOTICE
Place of production, publication, distribution, manufacture London ;
-- New York :
Name of producer, publisher, distributor, manufacturer Methuen Drama,
Date of production, publication, distribution, manufacture, or copyright notice [2018]
264 #4 - PRODUCTION, PUBLICATION, DISTRIBUTION, MANUFACTURE, AND COPYRIGHT NOTICE
Date of production, publication, distribution, manufacture, or copyright notice ©2018
300 ## - PHYSICAL DESCRIPTION
Extent 102 pages ;
Dimensions 20 cm
336 ## - CONTENT TYPE
Content type term text
Content type code txt
Source rdacontent
337 ## - MEDIA TYPE
Media type term unmediated
Media type code n
Source rdamedia
338 ## - CARRIER TYPE
Carrier type term volume
Carrier type code nc
Source rdacarrier
490 1# - SERIES STATEMENT
Series statement Modern plays
500 ## - GENERAL NOTE
General note "Based on the book Bad show: The Quiz, the Cough, the Millionaire Major by Bob Woffinden and James Plaskett."
630 00 - SUBJECT ADDED ENTRY--UNIFORM TITLE
Uniform title Who wants to be a millionaire
Form subdivision Drama.
700 1# - ADDED ENTRY--PERSONAL NAME
Personal name Woffinden, Bob.
Title of a work Bad show.
Relationship information Based on (work):
830 #0 - SERIES ADDED ENTRY--UNIFORM TITLE
Uniform title Methuen modern plays.
906 ## - LOCAL DATA ELEMENT F, LDF (RLIN)
a 7
b cbc
c copycat
d 3
e ncip
f 20
g y-gencatlg
942 ## - ADDED ENTRY ELEMENTS (KOHA)
Source of classification or shelving scheme
Koha item type Teaching Resources
Holdings
Withdrawn status Lost status Source of classification or shelving scheme Damaged status Not for loan Collection code Permanent Location Current Location Shelving location Date acquired Full call number Barcode Date last seen Price effective from Koha item type
          Teaching Resources KH8 Senior School Library KH8 Senior School Library Staff Office 2023-09-14 822.92 GRA TRKHSL003214 2023-09-14 2023-09-14 Teaching Resources

Powered By KH8 IT Dept